| 000 | 00785cam a22002414a 4500 | ||
|---|---|---|---|
| 001 | 13980921 | ||
| 005 | 20180112041143.0 | ||
| 008 | 050524s2004 nyu b 001 0 eng | ||
| 010 | _a 2005014952 | ||
| 020 | _a0131872788 (pbk. : alk. paper) | ||
| 040 |
_aDLC _cDLC _dDLC |
||
| 041 | _aeng | ||
| 042 | _apcc | ||
| 080 | _a612.82 | ||
| 082 | 0 | 0 |
_a612.82 RAM _222 |
| 100 | 1 | _a7 | |
| 101 | _aNEU | ||
| 245 | 1 | 2 |
_aA brief tour of human consciousness : _cV. S. Ramachandran. |
| 504 | _aIncludes bibliographical references and index. | ||
| 906 |
_a7 _bcbc _corignew _d1 _eecip _f20 _gy-gencatlg |
||
| 942 |
_2ddc _cBK |
||
| 999 |
_c40172 _d40172 |
||